000 00203 a2200097 4500
001 11796
100 _aLuard, E
245 _aPeace and opinion
260 _a
_bOxford University
_c
090 _c9052
_d9052
942 _aNUST-CAE
_c35881
_cM
999 _c246869
_d246869